00637nam a2200217Ia 450000500170000000800410001702000150005808200130007310000150008624500860010126000280018730000190021565000110023465000110024565000120025665000140026865000210028294200060030395200950030999900150040420241217014500.0240331s9999 xx 000 0 und d a8185229104 bSANa824 aSangari, K 0aPolitics of the possible :bessays on gender, history,narrative, colonial english aNew DelhibTulikac1999 axlix, 503 p ., aEssays aGender aHistory aNarrative aColonial English cL 001040708LaWERCLbWERCLcSSCd2024-03-31l0o 824 SANp4269r2024-03-31w2024-03-31yL c3359d3359